000 00582nam a2200217Ia 4500
008 101110s9999 xx 000 0 und d
041 _aENGLISH
082 _bSR24706
100 _aChopde L.N. and Choudhari D.H.
245 _aFinance and cost accounting (BMS Syllabus)
260 _c2002
_bSheth prakashan, Mumbai
300 _a474
365 _b125
520 _aB.M.S.
546 _aENGLISH
630 _aFinance and cost accounting (BMS Syllabus)
650 _aB.M.S.
655 _aB.M.S.
730 _aFinance and cost accounting (BMS Syllabus)
942 _cBOOK
999 _c817372
_d817369